000 00708nam a2200241 a 4500
001 BRCA_5052
005 20190320204923.0
008 081110s1931----fr-a######---#000-0#fre-#
041 _afre
044 _afr
050 4 _aND813.G6
_b.T46 1931
100 1 _aTerrase, Charles
_912893
245 1 0 _aGoya y Lucientes
_b1746-1828
_cpar Charles Terrasse.
260 _aParís
_bLibrarie Floury
_c1931
300 _a227 p.
_bil.
_c28 cm.
500 _aIncluye índice de ilustraciones e índice de materias
500 _aEjemplar numerado 1066
500 _aD143
600 1 4 _aGoya y Lucientes, Francisco José de
_d1746-1828
_911075
650 1 4 _aPintores españoles
_97620
902 _aGFM
942 _2lcc
_cB
999 _c4746
_d4746